Guidelines on meetings, workshops and discussions : (Record no. 3059)
[ view plain ]
| 000 -LEADER | |
|---|---|
| fixed length control field | 00568nam a2200157Ia 4500 |
| 005 - DATE AND TIME OF LATEST TRANSACTION | |
| control field | 20240903011822.0 |
| 008 - FIXED-LENGTH DATA ELEMENTS--GENERAL INFORMATION | |
| fixed length control field | 240331s9999 xx 000 0 und d |
| 020 ## - INTERNATIONAL STANDARD BOOK NUMBER | |
| ISBN | 9555920141 |
| 082 ## - DDC Classification | |
| Item Number - Author Mark | GUI |
| Class No. | 658 |
| 100 ## - MAIN ENTRY--PERSONAL NAME | |
| Personal name | Sri Lanka Foundation Institute |
| 245 #0 - TITLE STATEMENT | |
| Title | Guidelines on meetings, workshops and discussions : |
| Remainder of title | Adult education workshop No.1 |
| 260 ## - PUBLICATION, DISTRIBUTION, ETC. | |
| Place of publication, distribution, etc. | Colombo |
| Name of publisher, distributor, etc. | Sri Lankan Foundation Institute |
| Date of publication, distribution, etc. | 1997 |
| 300 ## - PHYSICAL DESCRIPTION | |
| Extent (e.g. Volumes, Pages etc.) | 29 p ., |
| 500 ## - GENERAL NOTE | |
| General note | The Contest of this publication are based on a workshop on adult education held at the SLFI on 18 June 1996. this |
| 942 ## - Koha item type (Biblio) | |
| Koha item type | Books in Stacks (Lending) |
| Lost status | Damaged status | Collection code | Home library | Current library | Shelving location | Date acquired | Full call number | Accession Number | Item type |
|---|---|---|---|---|---|---|---|---|---|
| Lending | WERC Library | WERC Library | Social Science Cupboard | 03/31/2024 | 658 GUI | 5681 | Books in Stacks (Lending) |
